000 00788nam a2200217Ii 4500
001 16356
003 CO-ViMGA
008 241108s9999||||xx |||||||||||||| ||und||
020 _a9789587163803
040 _aCO-ViMGA
_bspa
_erda
_cCO-ViMGA
041 0 _aunk
082 0 4 _a320.011 G61
100 1 _aFernán Enrique González González
_954497
245 1 0 _aGobernanza y conflicto en Colombia :
_binteracción entre gobernantes y gobernados en un contexto violento
264 1 _a[Lugar de publicación no identificado] : Pontificia Universidad Javeriana, [Fecha de publicación no identificada]
300 _avolumen
336 _atext
_btxt
_2rdacontent
337 _aunmediated
_bn
_2rdamedia
338 _avolume
_bnc
_2rdacarrier
940 _aidficha_siabuc: 16026. -- ficha_no_siabuc:16356
999 _c51516
_d51516